01273nam a22003377a 4500001001000000003000900010005001700019007000300036008003400039040005400073041001000127072002600137090001900163100002400182110013200206245017200338260004200510300001000552500005500562650001100617650001400628650001400642650001900656650002300675650001500698650001000713909003600723942000700759999001700766952015200783BR0202526BR-BrBNA20230928101058.0ta230509b bl.||||| |||| 00| 0 por d aBR-BrBNAbporcBiblioteca Nacional de Agricultura a(Por) aL72b5212b4030b3872  5212 BR02025261 aCampos Junior, D.A.1 aUniversidade Federal de Minas Gerais, Belo Horizonte (Brasil). Escola de Veterinária0Tese (Mestre em Medicina Veterinária)1 aAvaliação in vitro da eficácia de acaricidas sobre Boophilus microplus (Canestrini, 1887)(Acari: Ixodidae)colhidos de bovinos na região de Ilhéus-Bahia, 20003 aBelo Horizonte, MG (Brasil): c2001.  a49 p. aSummaries (Eng, Por); 38 ref.; 6 tables; 12 illus. aBOVINO aCARRAPATO aACARICIDA aINFESTAÇÃO aCONTROLE QUÍMICO aINSETICIDA aBAHIA a202309bLuciac55dLucia Elande cBK c64156d64156 002AGRIS40708AGROBASEa41918b41918l0o 5212 BR0202526p5212 BR0202526r2023-09-25t01yBK10d2023-09-25ePortaria Interministerial nº 164/94